BIBLIOTECA

SENCICO

Arquitectura bioclimática y urbanismo sostenible / (Registro nro. 3591)

Detalles MARC
000 -LEADER
fixed length control field 01161nam a2200277Ia 4500
003 - CONTROL NUMBER IDENTIFIER
control field PE SENCICO BE
005 - DATE AND TIME OF LATEST TRANSACTION
control field 20260304135712.0
008 - FIXED-LENGTH DATA ELEMENTS--GENERAL INFORMATION
fixed length control field 200515s9999 xx 000 0 und d
020 ## - INTERNATIONAL STANDARD BOOK NUMBER
International Standard Book Number 978-84-92774-23-4
040 ## - CATALOGING SOURCE
Original cataloging agency PE SENCICO BE
Transcribing agency PE SENCICO BE
041 ## - LANGUAGE CODE
Language code of text/sound track or separate title spa
082 ## - DEWEY DECIMAL CLASSIFICATION NUMBER
Classification number 720.47
Item number T95
100 1# - MAIN ENTRY--PERSONAL NAME
Personal name Turégano Romero, José Antonio
9 (RLIN) 215
Relator term autor
245 10 - TITLE STATEMENT
Title Arquitectura bioclimática y urbanismo sostenible /
Statement of responsibility, etc. José Antonio Turégano Romero, Amaya Martinez Gracia, …[y otros]
250 ## - EDITION STATEMENT
Edition statement 1a ed.
260 ## - PUBLICATION, DISTRIBUTION, ETC.
Place of publication, distribution, etc. [España] :
Name of publisher, distributor, etc. Prensa Universitaria de Zaragoza ;
Date of publication, distribution, etc. 2009
300 ## - PHYSICAL DESCRIPTION
Extent volúmenes :
Other physical details ilustraciones, cuadros, diagramas ;
Dimensions 22 cm.
505 0# - FORMATTED CONTENTS NOTE
Formatted contents note Volumen 1: Clima, microclima y confort -- Simulación energética de edificios -- Volumen 2: Bioconstrucción, materiales sanos y sostenibles -- Urbanismo sostenible
520 3# - SUMMARY, ETC.
Summary, etc. Muestra la problemática energética y sus alternativas
650 10 - SUBJECT ADDED ENTRY--TOPICAL TERM
Topical term or geographic name entry element Arquitectura bioclimática
9 (RLIN) 450
650 20 - SUBJECT ADDED ENTRY--TOPICAL TERM
Topical term or geographic name entry element Urbanismo
9 (RLIN) 547
650 20 - SUBJECT ADDED ENTRY--TOPICAL TERM
Topical term or geographic name entry element Planificación urbana
9 (RLIN) 500
650 20 - SUBJECT ADDED ENTRY--TOPICAL TERM
Topical term or geographic name entry element Desarrollo urbano
9 (RLIN) 548
700 1# - ADDED ENTRY--PERSONAL NAME
Personal name Velásco Callau, María del Carmen
9 (RLIN) 216
Relator term autor
942 ## - ADDED ENTRY ELEMENTS (KOHA)
Koha item type Libros
Source of classification or shelving scheme Dewey Decimal Classification
Existencias
Fecha de la última vez que lo usaron Pago total Signatura topográfica completa Código de barras Tipo de documento Estado perdido Sistema de clasificación Estado dañado No es para préstamo Retirado Ubicación permanente Ubicación actual Precio efectivo desde Fecha de adquisición
15/05/2020   720.47/T95/ v. 1 BibZpiur26022605 Libros   Dewey Decimal Classification       Biblioteca Piura Biblioteca Piura    
10/02/2026   720.47/T95/v. 1/ej. 2 BibZpiur26022607 Libros   Dewey Decimal Classification       Biblioteca Piura Biblioteca Piura 10/02/2026 10/02/2026
10/02/2026   720.47/T95/v. 2 BibZpiur26022608 Libros   Dewey Decimal Classification       Biblioteca Piura Biblioteca Piura 10/02/2026 10/02/2026
10/02/2026   720.47/T95/v. 2/ej. 2 BibZpiur26022609 Libros   Dewey Decimal Classification       Biblioteca Piura Biblioteca Piura 10/02/2026 10/02/2026